000 00305nam a22001337a 4500
008 181101b xxu||||| |||| 00| 0 eng d
020 _a0443089884
041 _aeng
080 _a615.5
100 _a7
101 _aDER
245 _aPrinciples And Practice Dermatology
_cSams.W M
942 _2udc
_cBK
999 _c51408
_d51408